Statistiken für Größte deutsche Städte nach Buchstabe - F

Klicken Sie hier um das Quiz zu spielen!

Allgemein

  • Dieses Quiz wurde 7.150 mal gespielt
    (7.018 seit der letzten Aktualisierung)
  • Das Durchschnittsergebnis liegt bei 6 aus 14

Antwortstatistiken

LandEinwohnerStadt% Korrekt
Hessen763.380Frankfurt am Main
100%
Brandenburg57.751Frankfurt (Oder)
100%
Baden-Württemberg231.195Freiburg im Breisgau
85%
Schleswig-Holstein90.164Flensburg
69%
Hessen68.635Fulda
62%
Bayern128.497Fürth
61%
Baden-Württemberg61.283Friedrichshafen
37%
Sachsen40.657Freiberg
35%
Bayern49.126Freising
28%
Rheinland-Pfalz48.762Frankenthal (Pfalz)
17%
Baden-Württemberg46.083Filderstadt
12%
NRW52.439Frechen
12%
Brandenburg43.994Falkensee
7%
Baden-Württemberg45.669Fellbach
6%

Verteilung der Resultate

Perzentil nach korrekt beantworteten Fragen

Anzahl Personen mit jedem Resultat

Ihre Resultats-Entwicklung

Sie haben dieses Quiz seit der letzten Aktualisierung nicht gespielt